<?xml version="1.0" encoding="UTF-8"?>
<marc:record xmlns:marc="http://www.loc.gov/MARC21/slim">
   <marc:leader>00000nam a2200000 a 4500</marc:leader>
   <marc:datafield ind1="1" ind2=" " tag="100">
      <marc:subfield code="a">Kelly, Martha Hall</marc:subfield>
      <marc:subfield code="4">aut</marc:subfield>
      <marc:subfield code="e">Verfasser/-in</marc:subfield>
   </marc:datafield>
   <marc:datafield ind1=" " ind2=" " tag="653">
      <marc:subfield code="a">Fiktionale Darstellung</marc:subfield>
   </marc:datafield>
   <marc:datafield ind1=" " ind2=" " tag="653">
      <marc:subfield code="a">Historische Romane und Erzählungen</marc:subfield>
   </marc:datafield>
   <marc:datafield ind1="0" ind2="0" tag="245">
      <marc:subfield code="a">Die Sonnenblumenschwestern</marc:subfield>
   </marc:datafield>
   <marc:datafield ind1="0" ind2="0" tag="245">
      <marc:subfield code="c">Kelly, Martha Hall</marc:subfield>
   </marc:datafield>
   <marc:datafield ind1=" " ind2="1" tag="264">
      <marc:subfield code="a">München</marc:subfield>
      <marc:subfield code="b">Limes</marc:subfield>
      <marc:subfield code="c">2022</marc:subfield>
   </marc:datafield>
   <marc:datafield ind1=" " ind2=" " tag="250">
      <marc:subfield code="a">1. Aufl .</marc:subfield>
   </marc:datafield>
   <marc:datafield ind1="1" ind2=" " tag="520">
      <marc:subfield code="a">Angaben aus der Verlagsmeldung &#xD;
&#xD;
 Die Sonnenblumenschwestern  : Roman  Sunflower Sisters  / von Martha Hall Kelly&#xD;
&#xD;
&#xD;
            Drei Frauen, die inmitten eines gespaltenen Landes um alles kämpfen müssen, was ihnen lieb und teuer ist …&#xD;
            &#xD;
&#xD;
            &#xD;
1861: Georgeanna Woolsey stammt zwar aus gutem Hause, für rauschende New Yorker Ballabende hat die junge Frau aber nichts übrig. Ihr großer Traum ist es, Krankenschwester zu werden und Gutes zu tun. Als der Amerikanische Bürgerkrieg ausbricht, ist sie deshalb eine der Ersten, die sich für die Lazarette an der Front in Gettysburg meldet. Die Sklavin Jemma lebt auf einer Plantage in Maryland, wo sie täglich ums Überleben kämpft. Denn der Alltag auf der Farm ist hart und die Aufseher grausam. Unerwartet bekommt sie die Chance zur Flucht – doch dafür müsste sie ihre geliebte Schwester zurücklassen. &#xD;
Währenddessen versucht die Plantagenbesitzerin Anne-May ihr Hab und Gut vor den einmarschierenden Unionstruppen aus dem Norden zu verteidigen. Sie droht alles zu verlieren und fasst in ihrer Verzweiflung einen riskanten Plan: Sie wird Spitzel im Auftrag des Südens.&#xD;
&#xD;
            »Ein großartiger Roman, der die Frauen feiert, die vor uns kamen, die für das kämpften, was sie für richtig hielten, und die zu Heldinnen wurden, die ihrer Zeit voraus waren.« &#xD;
            &#xD;
                Lisa Wingate&#xD;
            &#xD;
            &#xD;
&#xD;
            Weitere packende historische Romane von Martha Hall Kelly:&#xD;
            &#xD;
Und am Ende werden wir frei sein</marc:subfield>
   </marc:datafield>
   <marc:datafield ind1=" " ind2=" " tag="020">
      <marc:subfield code="a">9783809027577</marc:subfield>
      <marc:subfield code="9">9783809027577</marc:subfield>
   </marc:datafield>
   <marc:datafield ind1=" " ind2=" " tag="020">
      <marc:subfield code="a">380902757X</marc:subfield>
      <marc:subfield code="9">380902757X</marc:subfield>
   </marc:datafield>
   <marc:datafield ind1=" " ind2=" " tag="041">
      <marc:subfield code="a">ger</marc:subfield>
   </marc:datafield>
   <marc:datafield ind1=" " ind2=" " tag="338">
      <marc:subfield code="a">Band</marc:subfield>
   </marc:datafield>
   <marc:datafield ind1=" " ind2=" " tag="300">
      <marc:subfield code="a">761 S.</marc:subfield>
   </marc:datafield>
</marc:record>
